Výpočtová technika pre 2. ročník stredných priemyselných škôl elektrotechnických /

Main Author: Kollert, Emil
Language: Slovak
Published: Bratislava : Alfa, 1985
Edition: 1.vyd.
Series: Edícia elektrotechnickej literatúry (Alfa)
Physical Description: 176 s.
Book
Saved in:
LEADER 00827nam a2200241 a 4500
001 000427111
003 CZ BrMZK
005 19990305143423.0
007 ta
008 990305s1985 xo f slo d
040 |a BOA001  |b cze 
080 |a 681.325.5(075.3)  |2 MRF 
100 1 |a Kollert, Emil  |7 jx20050725012  |4 aut 
245 1 0 |a Výpočtová technika pre 2. ročník stredných priemyselných škôl elektrotechnických /  |c Emil Kollert 
250 |a 1.vyd. 
260 |a Bratislava :  |b Alfa,  |c 1985 
300 |a 176 s. 
490 1 |a Edícia elektrotechnickej literatúry 
765 0 |t Výpočetní technika pro 2. roč. SPŠE 
830 0 |a Edícia elektrotechnickej literatúry (Alfa) 
910 |a BOA001  |b 2-0896.625 
990 |a BK 
996 7 |b 2619383303  |c 2-0896.625  |l MZK  |r Sklad / do 1 hodiny  |n 0  |w 000427111  |u 000010  |a 1  |e BOA001  |j MZK50  |s A